000 00610nam a22002177a 4500
003 OSt
005 20150410143657.0
008 150410b xxu||||| |||| 00| 0 eng d
020 _a9781451101508
040 _cDNLM
082 _aQS504 R71h 2011
100 _aRoss, Michael H.
_9943
245 _aHistology:
_bA text and atlas, with correlated cell and molcular biology.
250 _a6th ed.
260 _aPhiladelphia;
_bWolters kluwer,
_c2011
300 _axviii,974p;
_bcol.ill:
_c28cm
504 _aIndex included
650 _aHistology
_9194
700 _aPawlina, Wojciech
_9239
942 _2z
_cO_SHELF
999 _c1389
_d1389